000 00318nam a2200133Ia 4500
008 190216s9999||||xx |||||||||||||| ||und||
100 _aL M Prasad
245 0 _aBusiness Policy : Strategic Management
250 _a5th Ed.
260 _bSulthan Chand&Sons
_c2007
300 _a655
650 _aCommerce
942 _cBK
999 _c8249
_d8249